5HLuxD.jpg

KING HENRY VIII SENIOR AND PRIMARY SCHOOL LIBRARY OPAC

Science year by year : (Record no. 443)

000 -LEADER
fixed length control field 01651cam a2200229Ma 4500
001 - CONTROL NUMBER
control field .b1328339x
003 - CONTROL NUMBER IDENTIFIER
control field OCoLC
005 - DATE AND TIME OF LATEST TRANSACTION
control field 20190815082236.0
008 - FIXED-LENGTH DATA ELEMENTS--GENERAL INFORMATION
fixed length control field 141031s2013 enkab 001 0 eng d
020 ## - INTERNATIONAL STANDARD BOOK NUMBER
International Standard Book Number 9781409316138 (hbk.) :
035 ## - SYSTEM CONTROL NUMBER
System control number (OCoLC)855199996
Canceled/invalid control number (OCoLC)856296576
-- (OCoLC)890255005
040 ## - CATALOGING SOURCE
Original cataloging agency UKMGB
Language of cataloging eng
Transcribing agency UKMGB
Modifying agency OCLCO
-- AU@
-- OCLCF
042 ## - AUTHENTICATION CODE
Authentication code nbic
082 ## - DEWEY DECIMAL CLASSIFICATION NUMBER
Classification number 509 SCI
245 00 - TITLE STATEMENT
Title Science year by year :
Remainder of title the ultimate guide to the discoveries that changed the world.
260 ## - PUBLICATION, DISTRIBUTION, ETC.
Place of publication, distribution, etc. London :
Name of publisher, distributor, etc. DK,
Date of publication, distribution, etc. 2013.
300 ## - PHYSICAL DESCRIPTION
Extent 400 p. :
Other physical details ill. (some col.), col. maps ;
Dimensions 31 cm.
500 ## - GENERAL NOTE
General note Includes index.
520 ## - SUMMARY, ETC.
Summary, etc. This is the ultimate guide to the discoveries that changed the world. From the discovery of the wheel to the worldwide web our thirst for innovation is what makes us human. Science Year by Year takes a fascinating look at our heritage of invention and explores how science has shaped the past and how it may shape the future. Science Year by Year has a new discovery for everyone in the family, with global coverage of all major scientific advances. Groundbreaking thinkers such as Marie Curie, Albert Einstein and Charles Darwin are covered, with their discoveries clearly explained and situated in scientific history with illustrated timelines. Revolutionary innovations such as measuring time, gears and plastics are detailed alongside scientific artefacts such as navigation tools and flying machines. Science Year by Year is perfect for anyone interested in invention and innovation with exciting discoveries to be made by all.
650 #0 - SUBJECT ADDED ENTRY--TOPICAL TERM
Topical term or geographic name entry element Discoveries in science
General subdivision History
Form subdivision Chronology.
942 ## - ADDED ENTRY ELEMENTS (KOHA)
Source of classification or shelving scheme
Koha item type Books - Non Ficton
Holdings
Withdrawn status Lost status Source of classification or shelving scheme Damaged status Not for loan Collection code Permanent Location Current Location Shelving location Date acquired Full call number Barcode Date last seen Price effective from Koha item type
          Non-Fiction KH8 Senior School Library KH8 Senior School Library Non Fiction 2019-08-15 509 SCI 3KHSL000100276 2019-08-15 2019-08-15 Books - Non Ficton

Powered By KH8 IT Dept